France's Rhineland diplomacy, 1914-1924 : the last bid for a balance of power in Europe /

Bibliographic Details
Main Author: McDougall, Walter A., 1946-
Format: Book
Language:English
Published: Princeton, N.J. : Princeton University Press, [1978]
Subjects:

MARC

Tag First Indicator Second Indicator Subfields
LEADER 00000cam a22000008i 4500
001 in00000611069
005 20151015051926.0
008 780103s1978 nju b 00110 eng
010 |a  77085550  
020 |a 0691052689 :  |c $24.00 
035 |a (OCoLC)03607654 
035 |9 ACT9349AM 
040 |a DLC  |c DLC  |d TXA  |d UtOrBLW 
043 |a e-fr---  |a e-gx--- 
049 |a TXAM  |c [1401953] 
050 0 0 |a DC369  |b .M2 
082 0 |a 327.44/043 
100 1 |a McDougall, Walter A.,  |d 1946- 
245 1 0 |a France's Rhineland diplomacy, 1914-1924 :  |b the last bid for a balance of power in Europe /  |c Walter A. McDougall. 
264 1 |a Princeton, N.J. :  |b Princeton University Press,  |c [1978] 
264 4 |c ©1978 
300 |a xiii, 420 pages :  |b illustrations ;  |c 25 cm. 
336 |a text  |b txt  |2 rdacontent 
337 |a unmediated  |b n  |2 rdamedia 
338 |a volume  |b nc  |2 rdacarrier 
500 |a Includes index. 
504 |a Bibliography: pages [380]-404. 
651 0 |a France  |x Foreign relations  |z Germany. 
651 0 |a Germany  |x Foreign relations  |z France. 
651 0 |a France  |x Politics and government  |y 1914-1940. 
999 |a MARS 
999 f f |s 205ab332-0143-3469-86bc-cad63f21396d  |i 55eb285b-1fe8-3943-8b3a-6fc46cd7766c  |t 0 
952 f f |p ric  |a Texas A&M University  |b Rellis Campus  |c Joint Library Facility  |d Remote Storage  |t 0  |e DC369 .M2  |h Library of Congress classification  |i unmediated -- volume  |m A14801966086 
998 f f |a DC369 .M2  |t 0  |l Remote Storage